| 000 | 01169 a2200265 4500 | ||
|---|---|---|---|
| 001 | 41199 | ||
| 005 | 20260407155706.0 | ||
| 008 | 260407a1996 arg spa d | ||
| 003 | AR-UNSa-BCEJYS | ||
| 040 |
_aAR-UNSa-BCEJYS _bspa _cAR-UNSa-BCEJYS |
||
| 080 |
_a347.72 _xSociedades comerciales |
||
| 245 | 1 | 0 |
_aDerecho societario argentino e iberoamericano _pVI Congreso argentino de derecho societario ; II Congreso Iberoamericano de derecho societario y de la empresa |
| 020 | _a950-894-019-0 | ||
| 264 | 1 |
_aBuenos Aires : _bAD-HOC _c1996 |
|
| 300 |
_a318 p. _c23 cm. |
||
| 505 | _aVol. IV: 1. Últimas ponencias - 2. Desarrollo del Congreso - 3. Conclusiones | ||
| 041 | _aspa | ||
| 942 | _cBK | ||
| 590 | _aniveau_biblio:m niveau_hierar:0 | ||
| 100 | 1 | _aCongreso Argentino de Derecho Societario (6º : 1995 nov. 2-4 : Mar del Plata, Argentina) | |
| 700 | 1 | _aCongreso Iberoamericano de Derecho Societario y de la Empresa (2º : 1995 nov. 2-4 : Mar del Plata, Argentina) | |
| 700 | 1 | _aFavier Dubois, Eduardo Mario (h) | |
| 700 | 1 | _aNissen, Ricardo Augusto | |
| 856 | 4 | 1 |
_uhttps://biblioeco.unsa.edu.ar/pmb/images/libros/L126428.jpg _yImagen de portada _qimage/jpeg |
| 999 |
_c3418 _d3418 |
||